| 000 | 00651nam a22001937a 4500 | ||
|---|---|---|---|
| 999 |
_c16722 _d16722 |
||
| 003 | AR-CdUCM | ||
| 008 | 190504b ||||| |||| 00| 0 spa d | ||
| 040 |
_aMUNICIPALIDAD PROVINCIAL DEL CUSCO _cBIBLIOTECA MUNICIPAL DEL CUSCO |
||
| 082 |
_a149 / _bB63 |
||
| 100 |
_aBobbio, Norberto _936323 |
||
| 245 |
_aEl existencialismo : _bEnsayo de interpretación / |
||
| 260 |
_aMéxico : _bFondo de cultura económica, _c1954. |
||
| 300 |
_a87 páginas ; _c17 cm. |
||
| 440 |
_aBrevarios fondo de cultura. _n20 _936324 |
||
| 505 | _aContenido :El existencialismo. | ||
| 650 |
_aEl existencialismo. _914672 |
||
| 942 |
_2ddc _cLIBROS |
||
| 945 |
_arum _d2019-05-04 |
||